000 00519nam a22001817a 4500
005 20251108171032.0
008 250721s1998 xx 000 0 ara d
082 1 4 _a956.5/صما
100 1 _aالصمادي، سليمان
245 1 0 _aالمختصر في تاريخ الأردن و فلسطين /
264 1 _aاربد :
_c1998.
300 _a353 ص
650 1 7 _aتاريخ الأردن
650 1 7 _aتاريخ فلسطين
650 1 7 _aمعاهدات السلام
942 _2ddc
_cBK
999 _c54945
_d54945